000 01321cam a22003854i 4500
003 PE-LiUPU
005 20250731175617.0
008 150617s r 000 0 d
035 _a(Sirsi) a15683
040 _aPE-LiUPU
_bspa
_cPE-LiUPU
_erda
049 _aPRUA
082 0 4 _a487.04
_bG43
_221
100 1 _aGingrich, F. Wibur,
_eautor.
245 1 0 _aShorter lexicon of the greek new testament.
264 1 _aEstados Unidos :
_bThe University of Chicago Press,
_c1957.
300 _a930 páginas ;
_c21 cm
336 _atext
_2rdacontent
337 _aunmediated
_2rdamedia
338 _avolume
_2rdacarrier
505 0 _aShorter lexicon of the greek new testament.
526 _aP145
526 _aP127
526 _aP97
526 _aP35
526 _aP14
526 _aP07
650 0 4 _aGRIEGO
_xENCICLOPEDIAS Y DICCIONARIOS.
910 _ajck
_bjvq
_cjck
_d20150616
942 _2ddc
_cBOOK
949 _a487.04 G43
_wDEWEY
_c1
_i07441
_lCCODEBUL1
_mBUL
_p
_r0
_sY
_tBOOK
_u2015-04-21
_xEDUCACION
_zUNKNOWN
_0COMPRA
_o.STAFF. Colección General
994 _aC0
_bPEPRU
596 _a1
999 _a487.04 G43
_wDEWEY
_c9482
_i07441
_d9482
_f2021-11-12
_g5
_lCCODEBUL1
_mBUL
_q1
_r0
_sY
_tBOOK
_u2015-4-21
_xTEOLOGIA
_zUNKNOWN
_0COMPRA
_o.STAFF. Colección General
980 _81
_gALBERTO SANCHEZ Responsable de Automatización